000 00514nam a2200193 a 4500
001 1767946523779
003 YourLibrary
005 20260110115633.0
008 260109s2007##################000#0#eng##
020 _a9780202361741
082 0 4 _a302.0723
_bSWI
100 1 _aSwingle, Paul G.,
_eauthor.
245 1 0 _aSocial Psychology in Natural Settings :
260 _bAldine De Gruyter,
_c2007.
300 _a335 pages
650 0 _aPsychology.
942 _cENGLISH
040 _aYourLibrary
_beng
_cYourLibrary
999 _c608053
_d608053